| 000 | 00656nam a22002177a 4500 | ||
|---|---|---|---|
| 999 |
_c166968 _d166968 |
||
| 005 | 20210712155615.0 | ||
| 010 | _aENG-126192 B-740605 | ||
| 020 |
_a9789385500152 _c250.00 |
||
| 035 | _aEN-109724 | ||
| 035 | _aB-740605 | ||
| 037 | _bDBAD/PUB | ||
| 037 | _bGift | ||
| 082 | _a881 | ||
| 100 | _aBansal, Divya | ||
| 245 |
_aRiver to Ocean / _cby Divya Bansal |
||
| 260 |
_aChandigarh _bFerntree Publishing _c2017 |
||
| 270 |
_a1278 FF, Sector 21 B _bChandigarh _e160022 |
||
| 300 |
_axviii, 89p. _b22cm(pbk) _cill. |
||
| 942 |
_2ddc _cEN _h881 _mBAN |
||